Homero
Wedi'i Gadw mewn:
| Prif Awdur: | |
|---|---|
| Fformat: | Llyfr |
| Iaith: | Sbaeneg |
| Cyhoeddwyd: |
Madrid
Alianza
1984
|
| Cyfres: | El libro de bolsillo. Sección Humanidades, 1049
|
| Pynciau: | |
| Tagiau: |
Ychwanegu Tag
Dim Tagiau, Byddwch y cyntaf i dagio'r cofnod hwn!
|
MARC
| LEADER | 00000nam a2200000 a 4500 | ||
|---|---|---|---|
| 001 | UCX9747 | ||
| 003 | CL-VaPUC | ||
| 008 | 940623e19840000SP |||||||||||||||||spa|d | ||
| 082 | 0 | 4 | |a 883.09 |b GRI |2 21 |
| 100 | 0 | |a Griffin, Jasper |e author |9 327221 | |
| 245 | 1 | 0 | |a Homero |
| 300 | |a 106 p | ||
| 942 | |c BK | ||
| 945 | |d 19940623 00:00:00 |a oaravena | ||
| 260 | |a Madrid |b Alianza |c 1984 | ||
| 600 | 0 | |a Homero |e autor |9 265577 | |
| 650 | 0 | |a Crítica e interpretación |9 255042 | |
| 583 | |a last modification |c 19940623 00:00:00 |k Rodrigo Vera | ||
| 490 | 0 | |a El libro de bolsillo. Sección Humanidades, 1049 | |
| 999 | |c 228906 |d 228904 | ||
| 952 | |0 0 |1 0 |4 0 |6 883_090000000000000_GRI_1984 |7 0 |8 A |9 229394 |a BIBHIS |b BIBHIS |d 2019-11-15 |i 2988941 |o 883.09 GRI 1984 |p 2988941 |r 2025-01-20 |w 2019-11-15 |y BK |k HIS | ||